Guidance for commonhold (Record no. 118418)
[ view plain ]
| 000 -LEADER | |
|---|---|
| fixed length control field | 00887cam a2200205 4500 |
| 001 - CONTROL NUMBER | |
| control field | WB@3612-563 |
| 008 - FIXED-LENGTH DATA ELEMENTS--GENERAL INFORMATION | |
| fixed length control field | 041208n2004 000 0 eng u |
| 035 ## - SYSTEM CONTROL NUMBER | |
| System control number | (Sirsi) u128251 |
| 245 ## - TITLE STATEMENT | |
| Title | Guidance for commonhold |
| 260 ## - PUBLICATION, DISTRIBUTION, ETC. | |
| Date of publication, distribution, etc. | 2004 |
| 490 ## - SERIES STATEMENT | |
| Series statement | Department for Constitutional Affairs Press Notice |
| Volume/sequential designation | (566/04) 3 December 2004 (2) |
| 520 ## - SUMMARY, ETC. | |
| Summary, etc. | New guidance has been issued for those people that want to form a commonhold. The guidance contains speciman provisions that can be included in a commonhold community statement and an example of a completed document. Full details can be found on the DCA's website. http://www.dca.gov.uk/pressnfr.htm |
| 590 ## - LOCAL NOTE (RLIN) | |
| Local note | WB |
| 590 ## - LOCAL NOTE (RLIN) | |
| Local note | WB |
| 650 ## - SUBJECT ADDED ENTRY--TOPICAL TERM | |
| Topical term or geographic name entry element | COMMONHOLD AND LEASEHOLD REFORM ACT 2002 |
| 650 ## - SUBJECT ADDED ENTRY--TOPICAL TERM | |
| Topical term or geographic name entry element | LONG LEASEHOLDERS |
| 650 ## - SUBJECT ADDED ENTRY--TOPICAL TERM | |
| Topical term or geographic name entry element | COMMONHOLD (LAND REGISTRATION) RULES 2004 |
| 690 ## - LOCAL SUBJECT ADDED ENTRY--TOPICAL TERM (OCLC, RLIN) | |
| Topical term or geographic name as entry element | LANDLORD AND TENANT |
| 9 (RLIN) | 6252 |
| 942 ## - ADDED ENTRY ELEMENTS (KOHA) | |
| Suppress in OPAC | 0 |
| Withdrawn status | Lost status | Source of classification or shelving scheme | Damaged status | Not for loan | Home library | Current library | Shelving location | Date acquired | Total Checkouts | Full call number | Barcode | Date last seen | Copy number | Price effective from | Koha item type |
|---|---|---|---|---|---|---|---|---|---|---|---|---|---|---|---|
| Dewey Decimal Classification | London | London | RICS Boxes | 09/12/2004 | WB4047-09 | 128251-1001 | 06/08/2019 | 1 | 06/08/2019 | Book |